000 00804cam a2200289 4500500
005 20260405003728.0
041 _afre
042 _adc
100 1 0 _aEltchaninoff, Michel
_eauthor
245 0 0 _aEsprit “Planète”, es-tu là ?
260 _c2023.
500 _a44
690 _aComplotisme
690 _aCosmos
690 _aDélire
690 _aÉsotérisme
690 _aJournal
690 _aMichel Eltchaninoff
690 _aNazis
690 _aOvni
690 _aPseudo-Science
690 _aRaphaël Imbert
690 _aRationalité
690 _aTeilhard de Chardin
786 0 _nPhilosophie magazine | 171 | 8 | 2023-07-01 | p. 19-22 | 1951-1787
856 4 1 _uhttps://shs.cairn.info/magazine-philosophie-magazine-2023-8-page-19?lang=fr&redirect-ssocas=7080
999 _c2070266
_d2070266